000 00931cam a22002054a 4500
005 20250605164043.0
008 250528s ||||||||||||||||||||||||d
035 _a17057
020 _a745010040
040 _aGR-AtMCL
_bgre
_dGR-AtMCL
_eAACR2
245 1 _aFamily and the State of Theory
250 _a1st
260 _bHarvester Wheatsheaf,
_c1991
300 _a218
520 _aAn up-to-date and comprehensive survey of modern sociological theories about family life. Acknowledgements, Introduction, Family Theory after the Big Bang, Progress and Decline: Modernism and Anti-Modernism, System and Liberation: Dialectics of Modernity, Private and Public: Dialectics of Modernity, The One and the Many: Modernity and Post-Modernity, Conclusion: The Instabilities of Post-Modern Social Theory, References, Author and Subject Index.
700 1 _aCheal David
_93187
942 _cBK
999 _c2497
_d2497